House of Representatives : a short description of business and procedures [6th] (ระเบียนเลขที่ 20532)
| 000 -LEADER | |
|---|---|
| fixed length control field | 01771nam a22002057a 4500 |
| 005 - DATE AND TIME OF LATEST TRANSACTION | |
| control field | 20240814173954.0 |
| 008 - FIXED-LENGTH DATA ELEMENTS--GENERAL INFORMATION | |
| fixed length control field | s1975 eng d |
| 020 ## - INTERNATIONAL STANDARD BOOK NUMBER | |
| International Standard Book Number | 0642001162 |
| 040 ## - CATALOGING SOURCE | |
| Original cataloging agency | m |
| 041 ## - LANGUAGE CODE | |
| Language code of text/sound track or separate title | eng |
| 090 ## - LOCALLY ASSIGNED LC-TYPE CALL NUMBER (OCLC); LOCAL CALL NUMBER (RLIN) | |
| Classification number (OCLC) (R) ; Classification number, CALL (RLIN) (NR) | KD219.A8.4 A97H 1975 |
| 245 10 - TITLE STATEMENT | |
| Title | House of Representatives : a short description of business and procedures [6th] |
| 260 3# - PUBLICATION, DISTRIBUTION, ETC. | |
| Place of publication, distribution, etc. | Canberra : |
| Name of publisher, distributor, etc. | Australian Government Publishing Service, |
| Date of publication, distribution, etc. | 1975 |
| 300 ## - PHYSICAL DESCRIPTION | |
| Extent | 70 p. ; |
| Other physical details | 25 cm. |
| 505 2# - FORMATTED CONTENTS NOTE | |
| Formatted contents note | 1. The parliament - selected constitutional provisions --<br/>2. Standing orders --<br/>3. Opening of parliament : house of representatives --<br/>4. Speakers --<br/>5. Chairmen of committees --<br/>6. Deputy chairmen of committees --<br/>7. Sitting arrangements --<br/>8. Quorum --<br/>9. Notice paper --<br/>10. Blue program --<br/>11. Order and routine of business --<br/>12. Petitions --<br/>13. Notices --<br/>14. Questions seeking information --<br/>15. Papers and documents --<br/>16. Ministerial statements --<br/>17. Discussion of matter of public importance --<br/>18. Motions --<br/>19. Orders of the day --<br/>20. Amendments --<br/>21. Financial initiative --<br/>22. Bills<br/>23. Budget --<br/>24. Censure or want of confidence motion or amendment --<br/>25. Disallowance of delegated legislation, etc. --<br/>26. Debate --<br/>27. Personal explanation --<br/>28. Point of order : ruling : dissent from ruling<br/>30. Committees --<br/>31. Division --<br/>32. Leave of the house or committee --<br/>33. Privilege --<br/>34. Disorder --<br/>35. Chamber seating --<br/>36. The mace --<br/>37. Galleries --<br/>38. Bells --<br/>39. Broadcasting --<br/>40. Votes and Proceedings --<br/>41. Attendance of members --<br/>42. Work of the session --<br/>43. House of representatives department . |
| 650 04 - SUBJECT ADDED ENTRY--TOPICAL TERM | |
| Topical term or geographic name entry element | Parliamentary practice -- Australia |
| 850 ## - HOLDING INSTITUTION | |
| Holding institution | NALT |
| 942 ## - ADDED ENTRY ELEMENTS (KOHA) | |
| Koha item type | Law Book |
| Source of classification or shelving scheme | Library of Congress Classification |
| 998 ## - LOCAL CONTROL INFORMATION (RLIN) | |
| -- | 25 |
| -- | นีลวัสน์ อินทรักษา |
| Withdrawn status | Lost status | Damaged status | Not for loan | Collection code | Home library | Current library | Total Checkouts | Full call number | Barcode | Date last seen | Price effective from | Koha item type |
|---|---|---|---|---|---|---|---|---|---|---|---|---|
| Law Book collection | National Assembly Library of Thailand | National Assembly Library of Thailand | KD 219.A8.4 A97H 1975 | 3961136277 | 09/06/2017 | 09/06/2017 | Law Book |
